[Event "Hastings Premier 1975/76 51st"]
[Site "Hastings"]
[Date "1976.01.02"]
[Round "4"]
[White "Stean, Michael"]
[Black "Hartston, William Roland"]
[Result "1/2-1/2"]
[WhiteElo "2370"]
[BlackElo "2475"]
[PlyCount "49"]
[EventDate "1975.12.29"]
[EventType "tourn"]
[EventRounds "15"]
[EventCountry "ENG"]
[EventCategory "10"]
[SourceTitle "BritBase"]
[SourceQuality "2"]

1. c4 c5 2. Nf3 Nf6 3. Nc3 e6 4. g3 b6 5. Bg2 Bb7 6. O-O Be7 7. b3 O-O 8. Bb2
a6 9. e3 d6 10. Qe2 Nbd7 11. Rfd1 Re8 12. d4 Bf8 13. d5 exd5 14. Ne1 Rb8 15.
Nxd5 Nxd5 16. Bxd5 Bxd5 17. Rxd5 b5 18. Rd2 bxc4 19. Qxc4 Qc8 20. Ng2 a5 21.
Nf4 Nb6 22. Qc3 a4 23. Rad1 axb3 24. axb3 Qg4 25. Qc2 1/2-1/2

[Event "Hastings Premier 1975/76 51st"]
[Site "Hastings"]
[Date "1976.01.03"]
[Round "5"]
[White "Bellin, Robert"]
[Black "Bronstein, David I"]
[Result "1/2-1/2"]
[WhiteElo "2375"]
[BlackElo "2590"]
[PlyCount "81"]
[EventDate "1975.12.29"]
[EventType "tourn"]
[EventRounds "15"]
[EventCountry "ENG"]
[EventCategory "10"]
[SourceTitle "BritBase"]
[SourceQuality "2"]

1. e4 c6 2. d4 d5 3. exd5 cxd5 4. c4 Nf6 5. Nc3 g6 6. Qb3 Bg7 7. cxd5 O-O 8.
Be2 a5 9. Bf3 Na6 10. Nge2 Nb4 11. O-O Bf5 12. Bg5 Bc2 13. Qa3 h6 14. Be3 Rc8
15. Rac1 b6 16. h3 g5 17. Rxc2 Nxc2 18. Qb3 Nb4 19. a3 Na6 20. Ng3 Nc7 21. Nh5
Nxh5 22. Bxh5 b5 23. f4 b4 24. axb4 axb4 25. Qxb4 gxf4 26. Rxf4 Nxd5 27. Nxd5
Qxd5 28. Bf3 Qe6 29. Re4 Qd6 30. Qxd6 exd6 31. Rh4 Rc4 32. Bd5 Rb4 33. b3 Re8
34. Kf2 Rb5 35. Rh5 Kf8 36. Rf5 Re7 37. g4 Ra7 38. Kf3 Re7 39. h4 Rb4 40. Rf4
Ke8 41. Bc6+ 1/2-1/2

[Event "Hastings Premier 1975/76 51st"]
[Site "Hastings"]
[Date "1976.01.03"]
[Round "5"]
[White "Hartston, William Roland"]
[Black "Sosonko, Gennadi"]
[Result "0-1"]
[WhiteElo "2475"]
[BlackElo "2470"]
[PlyCount "58"]
[EventDate "1975.12.29"]
[EventType "tourn"]
[EventRounds "15"]
[EventCountry "ENG"]
[EventCategory "10"]
[SourceTitle "BritBase"]
[SourceQuality "2"]

1. e4 c5 2. Nf3 d6 3. d4 cxd4 4. Nxd4 Nf6 5. Nc3 g6 6. Be3 Bg7 7. f3 Nc6 8. Bc4
O-O 9. Qd2 Bd7 10. h4 Ne5 11. Bb3 Rc8 12. O-O-O Nc4 13. Bxc4 Rxc4 14. h5 Nxh5
15. g4 Nf6 16. Nde2 Re8 17. Bh6 Bh8 18. Qe1 b5 19. b3 Rc8 20. Kb1 Qa5 21. Bc1
b4 22. Nd5 Rxc2 23. Nxb4 Rxe2 24. Qxe2 Qxb4 25. Bb2 Be6 26. Rh4 Rb8 27. Qe3 Qc5
28. Bd4 Qa3 29. e5 Bxb3 0-1

[Event "Hastings Premier 1975/76 51st"]
[Site "Hastings"]
[Date "1976.01.03"]
[Round "5"]
[White "Hort, Vlastimil"]
[Black "Korchnoi, Viktor"]
[Result "1/2-1/2"]
[WhiteElo "2600"]
[BlackElo "2665"]
[PlyCount "64"]
[EventDate "1975.12.29"]
[EventType "tourn"]
[EventRounds "15"]
[EventCountry "ENG"]
[EventCategory "10"]
[SourceTitle "BritBase"]
[SourceQuality "2"]

1. Nf3 Nf6 2. c4 e6 3. d4 b6 4. g3 Bb7 5. Bg2 Be7 6. O-O O-O 7. Nc3 Ne4 8. Qc2
Nxc3 9. Qxc3 c5 10. Rd1 d6 11. b3 Bf6 12. Bb2 Qe7 13. Rd2 Nc6 14. Qc2 Nb4 15.
Qb1 Rac8 16. e4 e5 17. d5 g6 18. Bh3 Rc7 19. a3 Na6 20. Qd3 Bc8 21. Bxc8 Rfxc8
22. Re2 Nb8 23. Ne1 Nd7 24. Ng2 Bg7 25. Rae1 f5 26. f4 fxe4 27. Rxe4 Qf7 28.
R4e2 Re8 29. Qe4 Bh6 30. Bc1 Bg7 31. Bb2 Bh6 32. Bc1 Bg7 1/2-1/2

[Event "Hastings Premier 1975/76 51st"]
[Site "Hastings"]
[Date "1976.01.03"]
[Round "5"]
[White "Kaplan, Julio"]
[Black "Miles, Anthony J"]
[Result "1-0"]
[WhiteElo "2445"]
[BlackElo "2435"]
[PlyCount "75"]
[EventDate "1975.12.29"]
[EventType "tourn"]
[EventRounds "15"]
[EventCountry "ENG"]
[EventCategory "10"]
[SourceTitle "BritBase"]
[SourceQuality "2"]

1. e4 c5 2. Nf3 d6 3. d4 cxd4 4. Nxd4 Nf6 5. Nc3 g6 6. Be3 Bg7 7. f3 O-O 8. Qd2
Nc6 9. Bc4 Bd7 10. h4 Rc8 11. Bb3 h5 12. O-O-O Ne5 13. Kb1 Nc4 14. Bxc4 Rxc4
15. Nde2 b5 16. Bh6 Bh8 17. e5 dxe5 18. Ne4 Rc7 19. Bxf8 Qxf8 20. Qa5 Ne8 21.
N2c3 f5 22. Ng5 e6 23. Rd2 Qe7 24. Rhd1 Rb7 25. Qa6 Rc7 26. Nxb5 Bc8 27. Qa3
Qxa3 28. Nxa3 a6 29. b3 e4 30. fxe4 Be5 31. Nc4 Bg3 32. Rd8 Kf8 33. e5 Ke7 34.
Nb6 Bxh4 35. Nxc8+ Rxc8 36. R1d7+ Kf8 37. Nxe6+ Kg8 38. Rxc8 1-0

[Event "Hastings Premier 1975/76 51st"]
[Site "Hastings"]
[Date "1976.01.03"]
[Round "5"]
[White "Nunn, John DM"]
[Black "Bisguier, Arthur"]
[Result "1-0"]
[WhiteElo "2375"]
[BlackElo "2445"]
[PlyCount "65"]
[EventDate "1975.12.29"]
[EventType "tourn"]
[EventRounds "15"]
[EventCountry "ENG"]
[EventCategory "10"]
[SourceTitle "BritBase"]
[SourceQuality "2"]

1. e4 Nc6 2. d4 e5 3. dxe5 Nxe5 4. f4 Ng6 5. Be3 Bb4+ 6. c3 Ba5 7. Nf3 Bb6 8.
Bxb6 axb6 9. f5 N6e7 10. c4 g6 11. Bd3 d6 12. O-O Nf6 13. Nc3 Ng4 14. Qd2 Nc6
15. Rad1 Nce5 16. Nxe5 Nxe5 17. Qh6 Kd7 18. b4 Qf8 19. Qf4 Ra3 20. Qc1 Ra8 21.
c5 bxc5 22. bxc5 Ra5 23. cxd6 c6 24. Qb2 Qd8 25. Nd5 Kxd6 26. Qb4+ c5 27. Qc3
Nc6 28. e5+ Kd7 29. e6+ fxe6 30. fxe6+ Kd6 31. e7 Nxe7 32. Nxe7 Kxe7 33. Qg7+
1-0

[Event "Hastings Premier 1975/76 51st"]
[Site "Hastings"]
[Date "1976.01.03"]
[Round "5"]
[White "Sigurjonsson, Gudmundur"]
[Black "Stean, Michael"]
[Result "1/2-1/2"]
[WhiteElo "2475"]
[BlackElo "2370"]
[PlyCount "31"]
[EventDate "1975.12.29"]
[EventType "tourn"]
[EventRounds "15"]
[EventCountry "ENG"]
[EventCategory "10"]
[SourceTitle "BritBase"]
[SourceQuality "2"]

1. e4 c5 2. Nf3 d6 3. d4 cxd4 4. Nxd4 Nf6 5. Nc3 a6 6. f4 Qc7 7. a4 g6 8. Bd3
Bg7 9. Nf3 O-O 10. O-O Bg4 11. h3 Bxf3 12. Qxf3 Nc6 13. Be3 Nb4 14. Bd4 Nc6 15.
Be3 Nb4 16. Bd4 1/2-1/2

[Event "Hastings Premier 1975/76 51st"]
[Site "Hastings"]
[Date "1976.01.03"]
[Round "5"]
[White "Taimanov, Mark"]
[Black "Jansa, Vlastimil"]
[Result "1/2-1/2"]
[WhiteElo "2580"]
[BlackElo "2540"]
[PlyCount "66"]
[EventDate "1975.12.29"]
[EventType "tourn"]
[EventRounds "15"]
[EventCountry "ENG"]
[EventCategory "10"]
[SourceTitle "BritBase"]
[SourceQuality "2"]

1. c4 Nf6 2. Nc3 c5 3. g3 e6 4. Nf3 b6 5. Bg2 Bb7 6. O-O Be7 7. Re1 d5 8. cxd5
Nxd5 9. Nxd5 Qxd5 10. d4 cxd4 11. Qxd4 O-O 12. Bg5 Bxg5 13. Qxd5 Bxd5 14. Nxg5
Bxg2 15. Kxg2 Rd8 16. Red1 Na6 17. Rac1 h6 18. Nf3 Kf8 19. a3 Rxd1 20. Rxd1 Ke8
21. Rd4 Nb8 22. Rg4 Kf8 23. Rc4 Nd7 24. Rc7 Ke8 25. Nd4 Kd8 26. Rc3 a6 27. Nc6+
Ke8 28. Rd3 Nc5 29. Rd6 Nb7 30. Rd4 Rc8 31. Ne5 Rc7 32. Nc4 b5 33. Nd6+ Ke7
1/2-1/2

[Event "Hastings Premier 1975/76 51st"]
[Site "Hastings"]
[Date "1976.01.03"]
[Round "5"]
[White "Uhlmann, Wolfgang"]
[Black "Keene, Raymond Dennis"]
[Result "1-0"]
[WhiteElo "2535"]
[BlackElo "2505"]
[PlyCount "93"]
[EventDate "1975.12.29"]
[EventType "tourn"]
[EventRounds "15"]
[EventCountry "ENG"]
[EventCategory "10"]
[SourceTitle "BritBase"]
[SourceQuality "2"]

1. c4 g6 2. Nc3 Bg7 3. d4 c5 4. d5 Nf6 5. e4 O-O 6. Be2 e6 7. e5 Ne8 8. Nf3 d6
9. O-O Na6 10. Bg5 Qd7 11. exd6 Nxd6 12. Bf4 Nf5 13. Bd3 Nd4 14. Re1 Nb4 15. a3
Nxd3 16. Qxd3 b5 17. Ne5 Qb7 18. dxe6 Bxe6 19. cxb5 Bf5 20. Qc4 Nc2 21. Qxc5
Nxa1 22. Rxa1 a6 23. Nc6 axb5 24. Ne7+ Kh8 25. Nxf5 gxf5 26. Rf1 Rfe8 27. Nxb5
Ra5 28. a4 Rxa4 29. Nd6 Qe7 30. Qxf5 Rf8 31. b3 Ra2 32. h3 Qe6 33. Qd3 Qe2 34.
Qxe2 Rxe2 35. Rd1 Ra2 36. Rd3 Ra1+ 37. Kh2 Rb1 38. Nf5 Bf6 39. Rd6 Ba1 40. Rb6
Bc3 41. g4 Rd8 42. Rb7 h5 43. Nd6 Kg8 44. Nxf7 Rdd1 45. Nh6+ Kf8 46. Kg2 Rh1
47. Bd6+ 1-0

[Event "Hastings Premier 1975/76 51st"]
[Site "Hastings"]
[Date "1976.01.04"]
[Round "6"]
[White "Bisguier, Arthur"]
[Black "Taimanov, Mark"]
[Result "1/2-1/2"]
[WhiteElo "2445"]
[BlackElo "2580"]
[PlyCount "51"]
[EventDate "1975.12.29"]
[EventType "tourn"]
[EventRounds "15"]
[EventCountry "ENG"]
[EventCategory "10"]
[SourceTitle "BritBase"]
[SourceQuality "2"]

1. d4 Nf6 2. Nf3 e6 3. c4 b6 4. e3 Bb7 5. Bd3 Be7 6. O-O O-O 7. Nc3 d5 8. b3 c5
9. dxc5 bxc5 10. Bb2 Nbd7 11. Rc1 Rc8 12. cxd5 exd5 13. Bf5 Re8 14. Bh3 Bf8 15.
Re1 Bc6 16. g3 Qc7 17. Bg2 Qb7 18. Nb1 a5 19. Nbd2 a4 20. Qc2 axb3 21. axb3 Rb8
22. Rb1 h6 23. Bc3 Qc7 24. Red1 Rec8 25. Bb2 Ra8 26. Ra1 1/2-1/2

[Event "Hastings Premier 1975/76 51st"]
[Site "Hastings"]
[Date "1976.01.04"]
[Round "6"]
[White "Hartston, William Roland"]
[Black "Sigurjonsson, Gudmundur"]
[Result "0-1"]
[WhiteElo "2475"]
[BlackElo "2475"]
[PlyCount "136"]
[EventDate "1975.12.29"]
[EventType "tourn"]
[EventRounds "15"]
[EventCountry "ENG"]
[EventCategory "10"]
[SourceTitle "BritBase"]
[SourceQuality "2"]

1. e4 c5 2. Nf3 d6 3. d4 cxd4 4. Nxd4 Nf6 5. Nc3 a6 6. Be2 e6 7. O-O Nbd7 8. f4
b5 9. Bf3 Bb7 10. a3 Qc7 11. Qe2 Rc8 12. Kh1 Qc4 13. Qxc4 Rxc4 14. Nb3 Rc8 15.
Bd2 Nb6 16. Na5 Ba8 17. Be3 Nc4 18. Nxc4 Rxc4 19. Be2 Rc7 20. Bb6 Rc8 21. a4 b4
22. Na2 Nd7 23. a5 Bxe4 24. Nxb4 d5 25. Nxa6 Bd6 26. c3 Ke7 27. Bd4 f6 28. Rad1
h6 29. Nb4 g5 30. Be3 gxf4 31. Bxf4 e5 32. Bg3 Bxb4 33. cxb4 Rc2 34. Rf2 Rxb2
35. b5 h5 36. Bf1 Rb4 37. Bh4 Rc8 38. h3 Rc3 39. Kh2 Ra3 40. a6 d4 41. Rdd2 Ke6
42. Ra2 Rxa2 43. Rxa2 d3 44. a7 Ba8 45. g4 e4 46. Ra6+ Kf7 47. gxh5 Rxb5 48. h6
Rh5 49. Be1 Rxh6 50. Rd6 Ne5 51. Rd8 Rg6 52. Bg2 Rg8 53. Rb8 f5 54. Rxg8 Kxg8
55. Kg3 Ng6 56. Bd2 Kg7 57. h4 f4+ 58. Kg4 f3 59. Bh3 Ne5+ 60. Kg5 Nc4 61. Bc3+
Kf7 62. Bf1 Ne3 63. h5 d2 64. Bxd2 Nxf1 65. Bc3 f2 66. h6 Ne3 67. h7 f1=Q 68.
h8=Q Qf5+ 0-1

[Event "Hastings Premier 1975/76 51st"]
[Site "Hastings"]
[Date "1976.01.04"]
[Round "6"]
[White "Jansa, Vlastimil"]
[Black "Bellin, Robert"]
[Result "1/2-1/2"]
[WhiteElo "2540"]
[BlackElo "2375"]
[PlyCount "48"]
[EventDate "1975.12.29"]
[EventType "tourn"]
[EventRounds "15"]
[EventCountry "ENG"]
[EventCategory "10"]
[SourceTitle "BritBase"]
[SourceQuality "2"]

1. e4 c5 2. Nf3 d6 3. Bb5+ Nd7 4. d4 Ngf6 5. Nc3 cxd4 6. Qxd4 h6 7. e5 dxe5 8.
Nxe5 a6 9. Bxd7+ Bxd7 10. Bf4 Be6 11. Qb4 g5 12. Bg3 Bg7 13. Qxb7 Qc8 14. Qxc8+
Rxc8 15. O-O-O Nh5 16. Rhe1 Nxg3 17. hxg3 Rc5 18. f4 gxf4 19. gxf4 Bxe5 20.
fxe5 Rg8 21. Rd2 Rg5 22. Red1 Rc8 23. Re1 Rc5 24. Red1 Rc8 1/2-1/2

[Event "Hastings Premier 1975/76 51st"]
[Site "Hastings"]
[Date "1976.01.04"]
[Round "6"]
[White "Keene, Raymond Dennis"]
[Black "Nunn, John DM"]
[Result "1/2-1/2"]
[WhiteElo "2505"]
[BlackElo "2375"]
[PlyCount "52"]
[EventDate "1975.12.29"]
[EventType "tourn"]
[EventRounds "15"]
[EventCountry "ENG"]
[EventCategory "10"]
[SourceTitle "BritBase"]
[SourceQuality "2"]

1. Nf3 d5 2. b3 c5 3. e3 Nf6 4. Bb2 e6 5. c4 Be7 6. cxd5 exd5 7. Bb5+ Bd7 8.
Bxd7+ Nbxd7 9. O-O O-O 10. d4 Rc8 11. dxc5 Nxc5 12. Nc3 Nce4 13. Ne2 Bd6 14.
Rc1 Qd7 15. Qd3 Rfe8 16. h3 h6 17. Rfd1 Rxc1 18. Rxc1 Bc7 19. Rd1 Bb6 20. Bd4
Bxd4 21. Qxd4 a6 22. Nf4 Rc8 23. Nxd5 Qxd5 24. Qxd5 Nxd5 25. Rxd5 Rc1+ 26. Kh2
Nxf2 1/2-1/2

[Event "Hastings Premier 1975/76 51st"]
[Site "Hastings"]
[Date "1976.01.04"]
[Round "6"]
[White "Korchnoi, Viktor"]
[Black "Kaplan, Julio"]
[Result "1/2-1/2"]
[WhiteElo "2665"]
[BlackElo "2445"]
[PlyCount "69"]
[EventDate "1975.12.29"]
[EventType "tourn"]
[EventRounds "15"]
[EventCountry "ENG"]
[EventCategory "10"]
[SourceTitle "BritBase"]
[SourceQuality "2"]

1. d4 Nf6 2. c4 e6 3. g3 c5 4. d5 exd5 5. cxd5 d6 6. Nc3 g6 7. Nf3 Bg7 8. Bg2
O-O 9. O-O Qe7 10. Nd2 Nbd7 11. Re1 Ne8 12. e3 Nc7 13. a4 Na6 14. f4 Nb4 15.
Nc4 Nb6 16. Na3 a5 17. e4 Bd7 18. Be3 Qe8 19. e5 Bxa4 20. b3 Bd7 21. Qd2 Qd8
22. exd6 Bxc3 23. Qxc3 N6xd5 24. Qxc5 Rc8 25. Qd4 Bc6 26. Bh3 Bd7 27. Bf1 Rc6
28. Qd2 Nxe3 29. Rxe3 Be6 30. Rd1 Qb6 31. Qd4 Qxd4 32. Rxd4 Rd8 33. d7 Rxd7 34.
Rxd7 Bxd7 35. Nc4 1/2-1/2

[Event "Hastings Premier 1975/76 51st"]
[Site "Hastings"]
[Date "1976.01.04"]
[Round "6"]
[White "Miles, Anthony J"]
[Black "Uhlmann, Wolfgang"]
[Result "0-1"]
[WhiteElo "2435"]
[BlackElo "2535"]
[PlyCount "86"]
[EventDate "1975.12.29"]
[EventType "tourn"]
[EventRounds "15"]
[EventCountry "ENG"]
[EventCategory "10"]
[SourceTitle "BritBase"]
[SourceQuality "2"]

1. c4 g6 2. Nc3 Bg7 3. g3 e5 4. Bg2 d6 5. d3 f5 6. e3 Nf6 7. Nge2 O-O 8. b4 c6
9. O-O Be6 10. Qd2 Nbd7 11. Bb2 Bf7 12. Rac1 Nb6 13. Qc2 d5 14. c5 Nbd7 15. d4
e4 16. b5 g5 17. Qa4 Qc7 18. Rb1 Bh5 19. Bc1 Bf3 20. bxc6 bxc6 21. Qa6 Rab8 22.
Bd2 Nh5 23. Bh3 Rf6 24. Na4 Rbf8 25. Rfe1 Nb8 26. Qb7 Qd8 27. Qxa7 f4 28. Ba5
Qe8 29. Bc7 Nd7 30. Bd6 R8f7 31. Rb7 g4 32. Bf1 fxe3 33. fxe3 Bxe2 34. Bxe2 Qe6
35. Qa8+ Bf8 36. Bf4 Nxf4 37. gxf4 g3 38. Bh5 gxh2+ 39. Kh1 Rg7 40. Rb2 Qh3 41.
Rxh2 Qxh2+ 42. Kxh2 Rh6 43. Qe8 Nf6 0-1

[Event "Hastings Premier 1975/76 51st"]
[Site "Hastings"]
[Date "1976.01.04"]
[Round "6"]
[White "Stean, Michael"]
[Black "Hort, Vlastimil"]
[Result "1/2-1/2"]
[WhiteElo "2370"]
[BlackElo "2600"]
[PlyCount "62"]
[EventDate "1975.12.29"]
[EventType "tourn"]
[EventRounds "15"]
[EventCountry "ENG"]
[EventCategory "10"]
[SourceTitle "BritBase"]
[SourceQuality "2"]

1. c4 Nf6 2. Nf3 e6 3. b3 d5 4. Bb2 Be7 5. e3 O-O 6. Be2 b6 7. O-O Bb7 8. Nc3
Nbd7 9. cxd5 exd5 10. Rc1 a6 11. Qc2 Re8 12. Rfe1 Bd6 13. Bf1 Rc8 14. Ne2 c5
15. Ng3 b5 16. Qb1 Qb6 17. a3 a5 18. Qa1 Bf8 19. a4 Ba6 20. axb5 Bxb5 21. Bxb5
Qxb5 22. Rb1 Ra8 23. Qa4 Reb8 24. Bc3 c4 25. Nd4 Qxa4 26. bxa4 Nc5 27. Rxb8
Rxb8 28. Bxa5 Nxa4 29. Ra1 Nc5 30. Bc3 Nfd7 31. Kf1 Nd3 1/2-1/2

[Event "Hastings Premier 1975/76 51st"]
[Site "Hastings"]
[Date "1976.01.05"]
[Round "7"]
[White "Bellin, Robert"]
[Black "Bisguier, Arthur"]
[Result "1/2-1/2"]
[WhiteElo "2375"]
[BlackElo "2445"]
[PlyCount "76"]
[EventDate "1975.12.29"]
[EventType "tourn"]
[EventRounds "15"]
[EventCountry "ENG"]
[EventCategory "10"]
[SourceTitle "BritBase"]
[SourceQuality "2"]

1. e4 e5 2. Nf3 Nc6 3. Bb5 a6 4. Ba4 Nf6 5. O-O d6 6. Bxc6+ bxc6 7. d4 Nxe4 8.
dxe5 d5 9. Nbd2 Nxd2 10. Bxd2 Bg4 11. h3 Bh5 12. Re1 Bc5 13. b4 Bb6 14. e6 f6
15. Bf4 g5 16. Bh2 Qe7 17. g4 Bg6 18. c3 O-O-O 19. Nd4 Kb7 20. Qa4 Bxd4 21.
cxd4 Bd3 22. Qa5 h5 23. Re3 Bc4 24. gxh5 Rxh5 25. a4 Ra8 26. Qc5 Rh7 27. Qxe7
Rxe7 28. f4 gxf4 29. Bxf4 Rae8 30. Rae1 a5 31. bxa5 c5 32. dxc5 Kc6 33. Rg3 d4
34. Rg6 Rxe6 35. Rxe6+ Rxe6 36. Rg7 Kxc5 37. Rxc7+ Kd5 38. Kf2 Re2+ 1/2-1/2

[Event "Hastings Premier 1975/76 51st"]
[Site "Hastings"]
[Date "1976.01.05"]
[Round "7"]
[White "Kaplan, Julio"]
[Black "Stean, Michael"]
[Result "1/2-1/2"]
[WhiteElo "2445"]
[BlackElo "2370"]
[PlyCount "64"]
[EventDate "1975.12.29"]
[EventType "tourn"]
[EventRounds "15"]
[EventCountry "ENG"]
[EventCategory "10"]
[SourceTitle "BritBase"]
[SourceQuality "2"]

1. d4 Nf6 2. c4 g6 3. Nc3 d5 4. Nf3 Bg7 5. Qb3 dxc4 6. Qxc4 O-O 7. e4 a6 8. Qa4
b6 9. Bf4 Bb7 10. Qc2 b5 11. a3 Nbd7 12. Rd1 Qe8 13. b4 e5 14. dxe5 Nh5 15. Be3
Nxe5 16. Be2 Ng4 17. Bd4 Ngf6 18. Nd2 Nf4 19. Bf3 Rd8 20. Nb3 Nxe4 21. Nxe4
Bxd4 22. Rxd4 Rxd4 23. Nxd4 f5 24. O-O fxe4 25. Bg4 Qe5 26. Ne2 e3 27. Qb3+ Bd5
28. Qxe3 Qxe3 29. fxe3 Nxg2 30. Rxf8+ Kxf8 31. Kf2 Bb7 32. Nd4 Nh4 1/2-1/2

[Event "Hastings Premier 1975/76 51st"]
[Site "Hastings"]
[Date "1976.01.05"]
[Round "7"]
[White "Nunn, John DM"]
[Black "Miles, Anthony J"]
[Result "0-1"]
[WhiteElo "2375"]
[BlackElo "2435"]
[PlyCount "80"]
[EventDate "1975.12.29"]
[EventType "tourn"]
[EventRounds "15"]
[EventCountry "ENG"]
[EventCategory "10"]
[SourceTitle "BritBase"]
[SourceQuality "2"]

1. e4 c5 2. Nf3 e6 3. d4 cxd4 4. Nxd4 a6 5. Nc3 Qc7 6. g3 Bb4 7. Nde2 Be7 8.
Bg2 Nc6 9. O-O Nf6 10. h3 d6 11. a4 O-O 12. g4 Rb8 13. Ng3 b5 14. g5 Nd7 15.
axb5 axb5 16. f4 b4 17. Nce2 Qb6+ 18. Kh1 Ba6 19. f5 Nce5 20. f6 gxf6 21. gxf6
Bxf6 22. Nh5 Bh8 23. Bh6 Rfc8 24. Qd2 Ng6 25. Be3 Qb5 26. Nd4 Qxh5 27. Rxa6
Nde5 28. Ra7 Rf8 29. b3 Bg7 30. Ne2 Ng4 31. Nf4 Qh4 32. Nxg6 fxg6 33. Rf4 Rxf4
34. Bxf4 Bc3 35. Qc1 Rf8 36. Bxd6 e5 37. Bxf8 Qg3 38. Rg7+ Kh8 39. Qg1 Nf2+ 40.
Qxf2 Qxf2 0-1

[Event "Hastings Premier 1975/76 51st"]
[Site "Hastings"]
[Date "1976.01.05"]
[Round "7"]
[White "Sigurjonsson, Gudmundur"]
[Black "Sosonko, Gennadi"]
[Result "1/2-1/2"]
[WhiteElo "2475"]
[BlackElo "2470"]
[PlyCount "54"]
[EventDate "1975.12.29"]
[EventType "tourn"]
[EventRounds "15"]
[EventCountry "ENG"]
[EventCategory "10"]
[SourceTitle "BritBase"]
[SourceQuality "2"]

1. e4 c5 2. Nf3 d6 3. d4 cxd4 4. Nxd4 Nf6 5. Nc3 g6 6. Be2 Bg7 7. O-O Nc6 8.
Nb3 O-O 9. Bg5 Be6 10. f4 Qc8 11. Bf3 Bg4 12. h3 Bxf3 13. Qxf3 Nd7 14. Rad1 Re8
15. Nd5 Bxb2 16. c3 f6 17. Bh4 Nb6 18. Rd2 Ba3 19. Kh1 Nc4 20. Re2 Rf8 21. Nd4
Qd7 22. Qd3 Nb6 23. f5 g5 24. Bg3 Nxd5 25. exd5 Nxd4 26. Qxd4 b5 27. Qe4 Rac8
1/2-1/2

[Event "Hastings Premier 1975/76 51st"]
[Site "Hastings"]
[Date "1976.01.05"]
[Round "7"]
[White "Taimanov, Mark"]
[Black "Keene, Raymond Dennis"]
[Result "1/2-1/2"]
[WhiteElo "2580"]
[BlackElo "2505"]
[PlyCount "62"]
[EventDate "1975.12.29"]
[EventType "tourn"]
[EventRounds "15"]
[EventCountry "ENG"]
[EventCategory "10"]
[SourceTitle "BritBase"]
[SourceQuality "2"]

1. d4 Nf6 2. c4 g6 3. Nc3 Bg7 4. e4 d6 5. Nf3 O-O 6. Be2 e5 7. O-O c6 8. Re1
exd4 9. Nxd4 Re8 10. Bf1 Ng4 11. Nf3 Ne5 12. Nd4 Ng4 13. h3 Qf6 14. hxg4 Qxd4
15. Qxd4 Bxd4 16. g5 Nd7 17. Bf4 Be5 18. Bd2 Nc5 19. f3 Be6 20. Rac1 a6 21. b4
Nd7 22. Ne2 b5 23. Nf4 Bd4+ 24. Be3 Bxe3+ 25. Rxe3 Bxc4 26. Bxc4 bxc4 27. Rxc4
Ne5 28. Rd4 a5 29. a3 axb4 30. axb4 Reb8 31. Rc3 Ra2 1/2-1/2

[Event "Hastings Premier 1975/76 51st"]
[Site "Hastings"]
[Date "1976.01.05"]
[Round "7"]
[White "Uhlmann, Wolfgang"]
[Black "Korchnoi, Viktor"]
[Result "1/2-1/2"]
[WhiteElo "2535"]
[BlackElo "2665"]
[PlyCount "45"]
[EventDate "1975.12.29"]
[EventType "tourn"]
[EventRounds "15"]
[EventCountry "ENG"]
[EventCategory "10"]
[SourceTitle "BritBase"]
[SourceQuality "2"]

1. c4 Nf6 2. Nc3 e6 3. Nf3 Bb4 4. Qc2 O-O 5. a3 Bxc3 6. Qxc3 b6 7. g3 Bb7 8.
Bg2 d5 9. cxd5 Nxd5 10. Qc2 c5 11. b3 Nc6 12. Bb2 Re8 13. O-O e5 14. e3 Rc8 15.
d3 Rc7 16. Rfd1 Bc8 17. Rac1 a5 18. h3 Ba6 19. Nd2 Rd7 20. Nc4 Bb7 21. Qe2 f6
22. Qg4 Bc8 23. h4 1/2-1/2

[Event "Hastings Premier 1975/76 51st"]
[Site "Hastings"]
[Date "1976.01.06"]
[Round "8"]
[White "Bisguier, Arthur"]
[Black "Bronstein, David I"]
[Result "1/2-1/2"]
[WhiteElo "2445"]
[BlackElo "2590"]
[PlyCount "89"]
[EventDate "1975.12.29"]
[EventType "tourn"]
[EventRounds "15"]
[EventCountry "ENG"]
[EventCategory "10"]
[SourceTitle "BritBase"]
[SourceQuality "2"]

1. d4 Nf6 2. Nc3 d5 3. Bg5 c6 4. e3 Nbd7 5. Nf3 g6 6. Bd3 Bg7 7. O-O O-O 8. e4
dxe4 9. Nxe4 Nxe4 10. Bxe4 Nf6 11. Bd3 Bg4 12. c3 Qd5 13. Bxf6 Bxf3 14. Qxf3
Qxf3 15. gxf3 Bxf6 16. f4 e6 17. Rad1 a5 18. a4 Rfd8 19. Bc4 Rab8 20. Rd3 b5
21. axb5 cxb5 22. Bb3 a4 23. Bd1 Rd6 24. Bc2 Ra6 25. Ra1 Rba8 26. Kg2 Rd8 27.
Bb3 Rad6 28. Bd1 Rd5 29. b3 axb3 30. Bxb3 Rf5 31. Ra5 Be7 32. d5 b4 33. Ra7 Kf8
34. cxb4 Bxb4 35. Ra4 Rxf4 36. Rf3 Rxf3 37. Kxf3 Be7 38. Ke4 Rb8 39. Bc4 exd5+
40. Bxd5 Rb2 41. Ra2 Rb4+ 42. Kf3 Bd6 43. h3 h5 44. Kg2 Rd4 45. Bf3 1/2-1/2

[Event "Hastings Premier 1975/76 51st"]
[Site "Hastings"]
[Date "1976.01.06"]
[Round "8"]
[White "Hartston, William Roland"]
[Black "Kaplan, Julio"]
[Result "1/2-1/2"]
[WhiteElo "2475"]
[BlackElo "2445"]
[PlyCount "90"]
[EventDate "1975.12.29"]
[EventType "tourn"]
[EventRounds "15"]
[EventCountry "ENG"]
[EventCategory "10"]
[SourceTitle "BritBase"]
[SourceQuality "2"]

1. d4 Nf6 2. c4 e6 3. Nf3 b6 4. a3 c5 5. d5 exd5 6. cxd5 g6 7. Nc3 Bg7 8. e4
O-O 9. Bd3 d6 10. O-O a6 11. Bf4 Nh5 12. Bg5 Qc7 13. Nd2 Nd7 14. Be2 Nhf6 15.
f4 b5 16. Kh1 c4 17. Rc1 Nc5 18. b4 cxb3 19. Nxb3 Nfd7 20. Nxc5 Nxc5 21. e5 Qd7
22. Bf3 dxe5 23. fxe5 Bxe5 24. d6 Bb7 25. Nd5 Ne6 26. Be7 Bxd5 27. Qxd5 Bf4 28.
Rce1 h5 29. Qc6 Ra7 30. Qb6 Rc8 31. Bd5 Bd2 32. Re2 Bh6 33. Rxe6 fxe6 34. Bxe6+
Qxe6 35. Qxa7 Rc1 36. Qg1 Rxf1 37. Qxf1 Qd5 38. h3 a5 39. Qf6 Kh7 40. Qf3 Qe6
41. Qd1 Qd7 42. Qd5 Bg7 43. Bg5 b4 44. axb4 axb4 45. Bf4 Qf5 1/2-1/2

[Event "Hastings Premier 1975/76 51st"]
[Site "Hastings"]
[Date "1976.01.06"]
[Round "8"]
[White "Keene, Raymond Dennis"]
[Black "Bellin, Robert"]
[Result "1/2-1/2"]
[WhiteElo "2505"]
[BlackElo "2375"]
[PlyCount "39"]
[EventDate "1975.12.29"]
[EventType "tourn"]
[EventRounds "15"]
[EventCountry "ENG"]
[EventCategory "10"]
[SourceTitle "BritBase"]
[SourceQuality "2"]

1. d4 f5 2. Nc3 Nf6 3. Bg5 d5 4. Bxf6 exf6 5. e3 c6 6. Bd3 g6 7. Qf3 Bd6 8.
Nge2 Nd7 9. h3 Ne5 10. dxe5 fxe5 11. e4 fxe4 12. Bxe4 Rf8 13. Qe3 dxe4 14.
O-O-O Qe7 15. Nxe4 Bc7 16. N2c3 Bd7 17. Rhe1 b6 18. Nd2 O-O-O 19. Nc4 Qf7 20.
Nxe5 1/2-1/2